El león y el cazador: historia del Africa Subshariana /

En el libro se realiza un profundo recorrido histórico por la región del África Subsahariana. La autora examina los diversos aspectos que han moldeado la historia de esta área geográfica, abarcando desde las civilizaciones antiguas hasta los desafíos y cambios contemporáneos. Se exploran las dinámic...

Fuld beskrivelse

Guardado en:
Bibliografiske detaljer
Hovedforfatter: Gentili, Anna María
Format: Ukendt
Sprog:Spanish
Udgivet: Argentina : CLACSO 2012
Fag:
Tags: Tilføj Tag
Ingen Tags, Vær først til at tagge denne postø!

MARC

LEADER 00000 a2200000 04500
001 44442
003 cru CIDCACS/IIS
005 20230911165730.0
008 050704s2012 ag spa d
020 |a 978-987-1543-92-2  
040 |c cru CIDCACS/IIS 
090 |a 01.04.02 G338l  
100 |a Gentili, Anna María  
245 |a El león y el cazador:  |b historia del Africa Subshariana /   |c Ana María Gentili  
260 |a Argentina :   |b CLACSO   |c 2012 
300 |a 524 páginas  
520 |a En el libro se realiza un profundo recorrido histórico por la región del África Subsahariana. La autora examina los diversos aspectos que han moldeado la historia de esta área geográfica, abarcando desde las civilizaciones antiguas hasta los desafíos y cambios contemporáneos. Se exploran las dinámicas sociales, políticas, culturales y económicas que han influido en la evolución de los países y sociedades de la región. La autora también analiza las interacciones entre las poblaciones locales y las influencias externas a lo largo de la historia, lo que contribuye a comprender mejor el contexto y las complejidades de la África Subsahariana. El libro busca proporcionar una visión integral y contextualizada de esta región, destacando tanto sus logros como sus desafíos. RAR 
650 0 |2 OCDE  |9 136  |a HISTORIA 
650 0 |2 OCDE  |9 5297  |a CIVILIZACIÓN 
650 0 |2 OCDE  |9 2529  |a DINAMICA SOCIAL 
650 0 |2 OCDE  |9 511  |a ADAPTACION AL CAMBIO 
650 0 |2 OCDE  |9 11637  |a CONTEXTOS 
651 0 |2 OCDE  |9 5221  |a AFRICA 
942 |2 z  |c LI  |h 01.04.02 G338l   |i 15121  |6 010402_G338L_15121 
999 |c 10008  |d 10008